[Event "Superettan(Lulea-Upsala)"]
[Site "?"]
[Date "2011.12.04"]
[Round "3"]
[White "Pousette, Gunnar"]
[Black "Cederberg, Karl Olof"]
[Result "1-0"]
[WhiteElo "2082"]
[BlackElo "2203"]
[PlyCount "57"]
[SourceDate "2011.12.29"]

1. c4 e5 2. g3 Nf6 3. Bg2 d5 4. cxd5 Nxd5 5. Nc3 Nxc3 6. bxc3 Bd6 7. Rb1 c6 8.
Nf3 Qc7 9. Qc2 O-O 10. Ng5 f5 11. d3 Rf6 12. Qb3+ Kh8 13. Ba3 Bxa3 14. Qxa3 h6
15. h4 Na6 16. d4 Rb8 17. Nf3 exd4 18. cxd4 f4 19. Ne5 fxg3 20. Qxg3 Qa5+ 21.
Kf1 Qxa2 22. Be4 Bf5 23. Rg1 g5 24. Qd3 Bxe4 25. Qxe4 Rg8 26. hxg5 Rxg5 27.
Rxg5 hxg5 28. Rxb7 Qa1+ 29. Kg2 1-0

[Event "Superettan(Lulea-Upsala)"]
[Site "?"]
[Date "2011.12.04"]
[Round "3"]
[White "Johansson, Carl Fredrik"]
[Black "Nackholm, Erik"]
[Result "1-0"]
[WhiteElo "2230"]
[BlackElo "1928"]
[PlyCount "42"]

1. d4 d5 2. c4 c6 3. cxd5 cxd5 4. Nc3 Nc6 5. e4 dxe4 6. d5 Nb8 7. Bf4 a6 8. Rc1
Nf6 9. Qa4+ Bd7 10. Qb3 Ra7 11. Be3 b6 12. Bxb6 Rb7 13. Bxd8 Rxb3 14. axb3 Kxd8
15. Bc4 Bc8 16. Nge2 g6 17. O-O Bh6 18. Rcd1 Bb7 19. h3 Nbd7 20. Nd4 Nb6 21.
Rfe1 Kd7 1-0

[Event "Superettan(Lulea-Upsala)"]
[Site "?"]
[Date "2011.12.04"]
[Round "3"]
[White "Dedorsson, Tomas"]
[Black "Fallman, Mikael"]
[Result "1/2-1/2"]
[WhiteElo "2081"]
[BlackElo "2072"]
[PlyCount "95"]

1. d4 d5 2. Nf3 e6 3. Bf4 Nf6 4. e3 Be7 5. Bd3 Nbd7 6. Nbd2 c5 7. c3 a6 8. Ne5
Nxe5 9. dxe5 Nd7 10. e4 c4 11. Bc2 Nc5 12. O-O Bd7 13. exd5 exd5 14. Be3 Bc6
15. f4 Qc7 16. b4 Ne4 17. Nxe4 dxe4 18. Qe2 Bd5 19. Bd4 Qc6 20. a4 O-O 21. f5
f6 22. e6 Rad8 23. a5 e3 24. Ba4 Qd6 25. Qxe3 Bc6 26. Bc5 Qd3 27. Bxc6 bxc6 28.
Rfe1 Bxc5 29. Qxc5 Rfe8 30. e7 Rc8 31. Re3 Qd7 32. Qxc4+ Kh8 33. Qc5 h6 34.
Rae1 Rb8 35. Re6 Rbc8 36. h3 Qd2 37. Qe3 Qd5 38. Qe4 Qd2 39. Qc4 Kh7 40. Qxa6
Qxc3 41. Qxc8 Rxc8 42. e8=Q Rxe8 43. Rxe8 Qxb4 44. g4 Qxa5 45. Rd1 Qc5+ 46. Kf1
Qc4+ 47. Kg1 Qc5+ 48. Kf1 1/2-1/2

[Event "Superettan(Rodeby-Burgsvik)"]
[Site "?"]
[Date "2011.12.04"]
[Round "4"]
[White "Andersson, Bjorn"]
[Black "Greiff, Hakan"]
[Result "1-0"]
[WhiteElo "2302"]
[BlackElo "2309"]
[PlyCount "167"]

1. g3 d5 2. Bg2 Nf6 3. c4 e6 4. Nf3 Be7 5. O-O O-O 6. Qc2 d4 7. d3 c5 8. Bg5
Nc6 9. Nbd2 Ng4 10. Bxe7 Qxe7 11. a3 Rb8 12. Rfe1 Rd8 13. h3 Nf6 14. b4 cxb4
15. axb4 Nxb4 16. Qb2 Nc6 17. Nb3 Qb4 18. Reb1 e5 19. Na5 Qxb2 20. Rxb2 Nxa5
21. Rxa5 e4 22. dxe4 Be6 23. Rxa7 Nxe4 24. Raxb7 Rxb7 25. Rxb7 h6 26. Ne5 Nc3
27. Nc6 Re8 28. Nxd4 Bxc4 29. e3 Bd5 30. Bxd5 Nxd5 31. Nf5 Nf6 32. Nd6 Rf8 33.
Kg2 Ne8 34. Nf5 h5 35. Ne7+ Kh7 36. Nd5 Nf6 37. Nf4 Kg8 38. Kf3 g6 39. Nd3 Re8
40. Nc5 Re5 41. Nd3 Rd5 42. Nf4 Rd7 43. Rb8+ Kg7 44. Ra8 Rb7 45. Ra6 Nd7 46.
Nd3 Rb5 47. Nf4 Rb7 48. g4 hxg4+ 49. hxg4 Rb5 50. Ra7 Nf8 51. Kg3 Re5 52. Ng2
Ne6 53. f4 Rc5 54. Ne1 Rc3 55. Kf2 Nc5 56. Ke2 Rb3 57. Kf3 Rb1 58. Nc2 Rb7 59.
Ra8 Ne6 60. g5 Rb3 61. Rc8 Rd3 62. Nd4 Nxd4+ 63. Ke4 Rd1 64. exd4 Re1+ 65. Kd3
Rf1 66. Ke3 Re1+ 67. Kd3 Rd1+ 68. Ke4 Re1+ 69. Kf3 Re7 70. Rc6 Kf8 71. Rc5 Rd7
72. Ke4 Ra7 73. d5 Re7+ 74. Kd4 Re1 75. d6 Rd1+ 76. Ke5 Ke8 77. Rc8+ Kd7 78.
Rc7+ Ke8 79. Rc8+ Kd7 80. Rf8 Re1+ 81. Kf6 Re6+ 82. Kg7 Rxd6 83. Rxf7+ Ke8 84.
Rf6 1-0

[Event "Superettan(Rodeby-Burgsvik)"]
[Site "?"]
[Date "2011.12.04"]
[Round "4"]
[White "Wahlbom, Magnus"]
[Black "Fries Nielsen, Jens Ove"]
[Result "1-0"]
[WhiteElo "2294"]
[BlackElo "2404"]
[PlyCount "111"]
[EventDate "2011.??.??"]

1. e4 d6 2. d4 Nf6 3. Nc3 a6 4. a4 b6 5. Bc4 e6 6. Nf3 Be7 7. O-O Bb7 8. Qe2
O-O 9. e5 Nd5 10. Ne4 Nb4 11. Bb3 a5 12. Ng3 Nd7 13. c3 Bd5 14. Bxd5 Nxd5 15.
Rd1 Qc8 16. Bg5 Bxg5 17. Nxg5 h6 18. Nf3 Qe8 19. Re1 Rd8 20. Ne4 Qe7 21. Qc4
Rc8 22. Rad1 Nf4 23. exd6 cxd6 24. Qb5 d5 25. Ng3 Qd6 26. Ne5 Nxe5 27. dxe5 Qc5
28. Qf1 f6 29. Rd4 fxe5 30. Rxe5 Rf6 31. Ne4 Qc7 32. Nxf6+ gxf6 33. Re1 e5 34.
Rxf4 exf4 35. Qd3 Qf7 36. Qf5 Rc4 37. Re6 Kg7 38. Rd6 Re4 39. h3 Re5 40. Qxf4
Qe7 41. Rxb6 Re1+ 42. Kh2 Qe5 43. Qg3+ Qxg3+ 44. Kxg3 Ra1 45. Rb5 Rxa4 46. Rxd5
Ra2 47. Rb5 a4 48. f3 Kg6 49. c4 a3 50. bxa3 Rxa3 51. Kf4 Ra4 52. Rc5 Ra2 53.
g4 Rh2 54. Kg3 Rc2 55. h4 Rc1 56. Kf4 1-0

[Event "Superettan(Rodeby-Burgsvik)"]
[Site "?"]
[Date "2011.12.04"]
[Round "4"]
[White "Fries Nielsen, Niels J"]
[Black "Laksman, Efraim"]
[Result "1/2-1/2"]
[WhiteElo "2395"]
[BlackElo "2219"]
[PlyCount "80"]
[SourceDate "2011.12.29"]

1. a3 g6 2. h4 Nf6 3. b4 Bg7 4. Bb2 d5 5. Nf3 c6 6. Qc1 a5 7. b5 c5 8. h5 gxh5
9. d3 Bf5 10. a4 Nbd7 11. g3 e6 12. Bg2 Qc7 13. Qf4 Qxf4 14. gxf4 Rg8 15. Nh4
Bg6 16. Nd2 O-O-O 17. Ndf3 Ng4 18. Bxg7 Rxg7 19. Nd2 b6 20. f5 exf5 21. Bxd5
Nde5 22. Bg2 f4 23. Bh3 Kc7 24. Ng2 f3 25. exf3 Bxd3 26. fxg4 hxg4 27. Nf4 Bxc2
28. Bg2 g3 29. Nd5+ Rxd5 30. Bxd5 Nd3+ 31. Kf1 Nf4 32. fxg3 Nxd5 33. Ra3 Rg4
34. Rh4 Rxh4 35. gxh4 f5 36. Kf2 Kd6 37. Nc4+ Ke6 38. Ra1 Bb3 39. Nd2 Bc2 40.
Nc4 Bb3 1/2-1/2

[Event "Superettan(Rodeby-Burgsvik)"]
[Site "?"]
[Date "2011.12.04"]
[Round "4"]
[White "Ostling, Hakan"]
[Black "Krupenski, Juri"]
[Result "1/2-1/2"]
[WhiteElo "2238"]
[BlackElo "2256"]
[PlyCount "131"]

1. f4 d5 2. Nf3 g6 3. g3 Bg7 4. Bg2 c5 5. d3 Nf6 6. O-O O-O 7. Qe1 d4 8. a4 Nc6
9. Na3 Nd5 10. Bd2 e5 11. Nxe5 Nxe5 12. fxe5 Bxe5 13. c3 Bg7 14. Nc2 a5 15. e4
Ne7 16. cxd4 cxd4 17. Na3 Nc6 18. Bf4 g5 19. Bc1 Ne5 20. Qd2 Ra6 21. Rb1 g4 22.
Qe2 Be6 23. b4 axb4 24. Rxb4 Qd7 25. Nb5 Nc6 26. Rb1 Rxa4 27. Bf4 Ne5 28. Rfc1
Ra2 29. Qd1 Rc8 30. Rxc8+ Qxc8 31. Nd6 Qc7 32. Nf5 Bxf5 33. exf5 b5 34. Bd5 Qc2
35. Qxc2 Rxc2 36. Rxb5 h5 37. Rb8+ Kh7 38. Be4 Nf3+ 39. Bxf3 gxf3 40. Rb1 f2+
41. Kf1 Bh6 42. Bxh6 Kxh6 43. Rb4 Kg5 44. Rxd4 Rd2 45. Rf4 Rxd3 46. Kxf2 Rd2+
47. Kg1 Rd5 48. h4+ Kf6 49. Kf2 Rxf5 50. Ke3 Ke5 51. Re4+ Kf6 52. Rf4 Ke5 53.
Ra4 Kf6 54. Ra6+ Kg7 55. Ke4 Rb5 56. Ra4 Kg6 57. Rd4 Ra5 58. Rd6+ f6 59. Rd4
Rb5 60. Kf3 Rb3+ 61. Kf4 Rb5 62. g4 hxg4 63. Kxg4 Kh6 64. Rf4 f5+ 65. Rxf5 Rxf5
66. Kxf5 1/2-1/2

[Event "Superettan(Rodeby-Burgsvik)"]
[Site "?"]
[Date "2011.12.04"]
[Round "4"]
[White "Akerman, Axel"]
[Black "Persson, Jan"]
[Result "1-0"]
[WhiteElo "2125"]
[BlackElo "2014"]
[PlyCount "61"]

1. e4 c5 2. Nc3 a6 3. f4 g6 4. Nf3 Bg7 5. a4 d6 6. Bc4 Nc6 7. O-O e6 8. f5 Ne5
9. Ba2 Nf6 10. d3 Nfg4 11. Bf4 Qb6 12. a5 Qxb2 13. Nxe5 Nxe5 14. Bd2 gxf5 15.
Bb3 Nxd3 16. Ra2 Bxc3 17. Rxb2 Bd4+ 18. Kh1 Nxb2 19. Qe1 c4 20. Ba2 fxe4 21.
Bc3 e5 22. Bxd4 exd4 23. Qxe4+ Be6 24. Qxb7 O-O 25. Qxb2 c3 26. Qc1 Kh8 27. Qf4
Rg8 28. Qxd4+ Rg7 29. Bxe6 fxe6 30. Qxd6 Rag8 31. Qe5 1-0

[Event "Superettan(Rodeby-Burgsvik)"]
[Site "?"]
[Date "2011.12.04"]
[Round "4"]
[White "Eriksson, Bengt"]
[Black "Larsson, Victor"]
[Result "0-1"]
[WhiteElo "2119"]
[BlackElo "2193"]
[PlyCount "189"]

1. d4 d5 2. Bg5 h6 3. Bh4 c6 4. Nf3 Qb6 5. b3 Bf5 6. e3 Nd7 7. Bd3 Bxd3 8. Qxd3
Ngf6 9. Nbd2 e6 10. c4 c5 11. O-O Qa6 12. Qc2 Be7 13. Ne5 cxd4 14. exd4 Rc8 15.
Nxd7 Nxd7 16. Bxe7 Kxe7 17. f4 dxc4 18. bxc4 Rhd8 19. Rae1 Kf8 20. f5 Kg8 21.
fxe6 fxe6 22. Qg6 Nf8 23. Qf7+ Kh8 24. Nf3 Qxc4 25. Kh1 Rc7 26. Qh5 Nd7 27. Ng5
Nf6 28. Rxf6 gxf6 29. Nf7+ Rxf7 30. Qxf7 Qxd4 31. Qxe6 Qf2 32. Qe7 Rg8 33. g3
Rg7 34. Qe8+ Kh7 35. Qe4+ f5 36. Qe6 h5 37. Qe2 Qxe2 38. Rxe2 Kg6 39. Kg2 h4
40. gxh4 Kf6+ 41. Kf3 Rg4 42. Rb2 b6 43. h5 Rh4 44. Rc2 Rxh5 45. Kg3 Rg5+ 46.
Kf3 Rg4 47. Re2 Ra4 48. Kg3 Kg5 49. Rb2 Ra3+ 50. Kg2 Kg4 51. Rb4+ f4 52. Rb2
Kf5 53. Kf2 Kg5 54. Rb5+ Kg4 55. Rb2 Kh3 56. Kf1 Ra4 57. Kg1 b5 58. Rb3+ Kg4
59. a3 a6 60. h3+ Kh4 61. Kf2 Rc4 62. Kg2 Kg5 63. Kf2 Kf5 64. Kg2 Rc2+ 65. Kg1
Ra2 66. Kh1 Ke4 67. Kg1 Rd2 68. Kf1 Ra2 69. Kg1 a5 70. h4 a4 71. Rxb5 Rxa3 72.
h5 Rh3 73. Rb4+ Kf3 74. Rxa4 Rxh5 75. Ra3+ Kg4 76. Ra8 Rb5 77. Kf2 Rb2+ 78. Kg1
Kg3 79. Rg8+ Kf3 80. Re8 Rb1+ 81. Kh2 Kf2 82. Re7 Rb6 83. Kh3 Rg6 84. Ra7 Rg3+
85. Kh4 Re3 86. Kg4 f3 87. Ra2+ Re2 88. Ra3 Re4+ 89. Kh3 Re3 90. Ra2+ Kf1 91.
Kg3 f2+ 92. Kh2 Re5 93. Kg3 Re3+ 94. Kh2 Re7 95. Kg3 0-1

[Event "Superettan(Rodeby-Burgsvik)"]
[Site "?"]
[Date "2011.12.04"]
[Round "4"]
[White "Linusson, Pelle"]
[Black "Bernhardsson, Sten"]
[Result "1/2-1/2"]
[WhiteElo "2127"]
[BlackElo "2009"]
[PlyCount "62"]

1. d4 d5 2. c4 e6 3. Nf3 Nf6 4. Bg5 Be7 5. Nc3 O-O 6. e3 Nbd7 7. Bd3 dxc4 8.
Bxc4 a6 9. e4 b5 10. Bd3 b4 11. Na4 Bb7 12. Qe2 Bc6 13. b3 Bxa4 14. bxa4 c5 15.
dxc5 Nxc5 16. Bc2 Qa5 17. O-O Rfe8 18. Bxf6 Bxf6 19. e5 Be7 20. Nd2 Red8 21.
Nc4 Qc7 22. Rac1 Rac8 23. Rfd1 Rxd1+ 24. Qxd1 Bg5 25. Rb1 Nd7 26. Bd3 Nxe5 27.
Nxe5 Qxe5 28. Bxa6 Rd8 29. Qe2 Qxe2 30. Bxe2 Be7 31. Rd1 Rxd1+ 1/2-1/2

[Event "Superettan(Rodeby-Burgsvik)"]
[Site "?"]
[Date "2011.12.04"]
[Round "4"]
[White "Dolgov, Mikhail"]
[Black "Scheid, Adam"]
[Result "0-1"]
[WhiteElo "2010"]
[BlackElo "1977"]
[PlyCount "90"]

1. e4 c5 2. Nf3 Nc6 3. Bb5 Nd4 4. Nxd4 cxd4 5. c3 Nf6 6. Qe2 a6 7. Bd3 dxc3 8.
dxc3 g6 9. c4 d6 10. Nc3 Bg7 11. O-O O-O 12. a4 Nd7 13. Ra3 Nc5 14. Bb1 Bd7 15.
b4 Ne6 16. Nd5 Nd4 17. Qd2 e6 18. Bb2 exd5 19. Bxd4 Bxd4 20. Qxd4 dxc4 21. Qxc4
b5 22. Qd4 bxa4 23. f4 Rb8 24. f5 Qb6 25. Qxb6 Rxb6 26. Ba2 Rxb4 27. Bd5 Bb5
28. Rc1 Rd4 29. g4 Kg7 30. Kf2 Rd2+ 31. Kg3 g5 32. h4 h6 33. Rf3 Kf6 34. Rh1
Rc8 35. hxg5+ hxg5 36. Rh6+ Kg7 37. Rxd6 Rcc2 38. f6+ Kg6 39. Ra3 Rg2+ 40. Kf3
Rh2 41. e5 Rh3+ 42. Ke4 Rxa3 43. Bxf7+ Kxf7 44. Kf5 Re3 45. e6+ Rxe6 0-1

[Event "Superettan(Upsala-SodraSASS)"]
[Site "?"]
[Date "2012.01.14"]
[Round "4"]
[White "Furhoff, Johan"]
[Black "Glimbrant, Torbjorn"]
[Result "1/2-1/2"]
[WhiteElo "2378"]
[BlackElo "2333"]
[PlyCount "109"]

1. e4 e6 2. d4 d5 3. Nd2 c5 4. c3 cxd4 5. cxd4 dxe4 6. Nxe4 Nf6 7. Bd3 Bb4+ 8.
Nc3 O-O 9. Nf3 b6 10. O-O Bb7 11. Bg5 Nbd7 12. Rc1 Rc8 13. Qe2 Bxc3 14. bxc3
Qc7 15. Nd2 Rfe8 16. Rfe1 Nd5 17. Be4 f5 18. Bxd5 Bxd5 19. c4 Bb7 20. f3 Qd6
21. Be3 e5 22. d5 Qa3 23. Nb3 a5 24. Qd3 g6 25. Rc2 a4 26. Bc1 Qb4 27. Bd2 Qd6
28. Nc1 Ba6 29. Ne2 b5 30. cxb5 Bxb5 31. Rxc8 Bxd3 32. Rxe8+ Kf7 33. Rh8 Kg7
34. Re8 Kf7 35. Rh8 Qc5+ 36. Kf1 Kg7 37. Ra8 Qe7 38. Ba5 e4 39. fxe4 fxe4 40.
Rc1 Kh6 41. Rc3 Qf6+ 42. Ke1 Qh4+ 43. Ng3 Qxh2 44. Rxd3 exd3 45. Bd2+ g5 46.
Kf2 Ne5 47. Rd8 Ng6 48. Kf3 Kg7 49. Bxg5 d2 50. Nf5+ Kf7 51. Rd7+ Ke8 52. Rd8+
Kf7 53. Rd7+ Ke8 54. Rd8+ Kf7 55. Rd7+ 1/2-1/2

[Event "Superettan(Upsala-SodraSASS)"]
[Site "?"]
[Date "2012.01.14"]
[Round "4"]
[White "Andersson, Fredrik"]
[Black "Sjoberg, Mats"]
[Result "1-0"]
[WhiteElo "2374"]
[BlackElo "2355"]
[PlyCount "51"]

1. d4 Nf6 2. c4 e6 3. Nf3 Bb4+ 4. Bd2 a5 5. g3 b6 6. Bg2 O-O 7. O-O Bb7 8. Bg5
h6 9. Bxf6 Qxf6 10. a3 Be7 11. Nc3 g5 12. e4 Qg7 13. d5 Bf6 14. e5 Bxe5 15.
Nxe5 Qxe5 16. Re1 Qf6 17. dxe6 Bxg2 18. e7 Bf3 19. Nd5 Bxd5 20. exf8=Q+ Kxf8
21. Qxd5 c6 22. Qd2 Na6 23. b4 Nc7 24. Qxd7 Ne6 25. Qxc6 Rd8 26. Rad1 1-0

[Event "Superettan(Upsala-SodraSASS)"]
[Site "?"]
[Date "2012.01.14"]
[Round "4"]
[White "Winge, Stefan"]
[Black "Johansson, Jan"]
[Result "0-1"]
[WhiteElo "2298"]
[BlackElo "2433"]
[PlyCount "80"]

1. e4 d6 2. d4 Nf6 3. Nc3 e5 4. Nf3 Nbd7 5. Bc4 Be7 6. O-O O-O 7. Re1 c6 8. a4
b6 9. d5 cxd5 10. Nxd5 Nxd5 11. Bxd5 Rb8 12. Nd2 Kh8 13. b3 Nf6 14. Nc4 Nxd5
15. Qxd5 Be6 16. Qd3 f5 17. Ba3 fxe4 18. Qxe4 Rc8 19. Ne3 Rc3 20. Rad1 Qc7 21.
Qb4 a6 22. Bb2 Rc5 23. Qd2 b5 24. Ba3 Rc6 25. a5 Rd8 26. Re2 h6 27. h3 d5 28.
Bxe7 Qxe7 29. Ng4 Bxg4 30. hxg4 e4 31. Qd4 Rdd6 32. c3 Qh4 33. Qe5 Qxg4 34.
Red2 Rg6 35. g3 Rce6 36. Qb8+ Kh7 37. Rxd5 e3 38. R5d4 exf2+ 39. Kxf2 Re2+ 40.
Kg1 Qh3 0-1

[Event "Superettan(Upsala-SodraSASS)"]
[Site "?"]
[Date "2012.01.14"]
[Round "4"]
[White "Lundvik, Jonas"]
[Black "Adler, Bo"]
[Result "1-0"]
[WhiteElo "2293"]
[BlackElo "2203"]
[PlyCount "69"]
[EventDate "2012.??.??"]

1. d4 Nf6 2. Nf3 d5 3. g3 c5 4. Bg2 Nc6 5. O-O e6 6. c4 Be7 7. Nc3 cxd4 8. Nxd4
Qb6 9. Ndb5 d4 10. Na4 Qa5 11. e3 dxe3 12. Bxe3 O-O 13. a3 Bd7 14. Nc5 Bxc5 15.
Bxc5 Rfc8 16. b4 Qd8 17. Ra2 b6 18. Be3 Qe7 19. Rd2 Be8 20. Nd6 Rd8 21. b5 Ne5
22. Bxa8 Rxa8 23. Re1 Ned7 24. Bg5 Nc5 25. Qf3 Rd8 26. Nf5 Qb7 27. Qxb7 Nxb7
28. Rxd8 Nxd8 29. Bxf6 gxf6 30. Rd1 Nb7 31. Ne7+ Kf8 32. Nc8 Na5 33. Rc1 Bd7
34. Nxa7 Nb3 35. c5 1-0

[Event "Superettan(Upsala-SodraSASS)"]
[Site "?"]
[Date "2012.01.14"]
[Round "4"]
[White "Fors, Tomas"]
[Black "Burwick, Malte"]
[Result "1-0"]
[WhiteElo "2047"]
[BlackElo "2302"]
[PlyCount "117"]

1. d4 g6 2. c4 Bg7 3. Nc3 d6 4. e4 Nf6 5. Nf3 O-O 6. Be2 e5 7. O-O Nc6 8. d5
Ne7 9. b4 Nh5 10. g3 f5 11. Ng5 Nf6 12. Bf3 a5 13. bxa5 Rxa5 14. a4 Nxe4 15.
Ncxe4 fxe4 16. Bxe4 c6 17. Bd2 Ra6 18. Qb3 Rf6 19. c5 cxd5 20. Bxd5+ Nxd5 21.
Qxd5+ Kh8 22. Nf7+ Rxf7 23. Qxf7 d5 24. Bg5 Qd7 25. Qxd7 Bxd7 26. a5 Bc6 27.
Ra3 Kg8 28. Rb1 Bf8 29. Rc1 Kf7 30. Bd2 Ke6 31. Rb3 Be7 32. g4 h5 33. gxh5 gxh5
34. Rg3 Ra8 35. h3 d4 36. Kf1 Rf8 37. Bg5 Bxg5 38. Rxg5 Bf3 39. Ke1 Rf4 40. a6
bxa6 41. c6 Rf8 42. c7 Rc8 43. Rg7 Kd6 44. Kd2 a5 45. Kd3 a4 46. Rg6+ Kd5 47.
Rgc6 e4+ 48. Kd2 e3+ 49. fxe3 Ke5 50. R6c5+ Bd5 51. e4 Kxe4 52. Re1+ Kf3 53.
Rxd5 Rxc7 54. Rxd4 Kg2 55. Rxa4 Rd7+ 56. Kc3 Rc7+ 57. Kb3 Rb7+ 58. Ka3 Rf7 59.
Re3 1-0

[Event "Superettan(Upsala-SodraSASS)"]
[Site "?"]
[Date "2012.01.14"]
[Round "4"]
[White "Lindberg, Henrik"]
[Black "Alqvist, Erik"]
[Result "1-0"]
[WhiteElo "2264"]
[BlackElo "1998"]
[PlyCount "89"]

1. e4 d6 2. d4 Nf6 3. Nc3 g6 4. g3 Bg7 5. Bg2 O-O 6. Nge2 Nc6 7. h3 Re8 8. O-O
e5 9. Be3 exd4 10. Nxd4 Ne5 11. Re1 Bd7 12. b3 a6 13. f4 Nc6 14. Qd2 Nxd4 15.
Bxd4 c5 16. Bf2 Bc6 17. Rad1 Qa5 18. Re3 Rad8 19. Rd3 Rd7 20. a4 Qb4 21. Re1
Rde7 22. Rxd6 Ng4 23. e5 Bxg2 24. hxg4 Bc6 25. Nd5 Bxd5 26. Rxd5 Qxd2 27. Rxd2
c4 28. bxc4 Rc7 29. c5 Bf8 30. Rd5 Rec8 31. Rb1 Bxc5 32. Rxc5 Rxc5 33. Bxc5
Rxc5 34. Rxb7 Rxc2 35. Rb6 a5 36. Rb5 Kf8 37. Rxa5 Ra2 38. Ra7 h6 39. f5 Re2
40. f6 Ke8 41. Re7+ Kf8 42. a5 Ra2 43. Ra7 Ke8 44. a6 Kd8 45. e6 1-0

[Event "Superettan(Upsala-SodraSASS)"]
[Site "?"]
[Date "2012.01.14"]
[Round "4"]
[White "Johansson, Per"]
[Black "Johansson, Thomas"]
[Result "0-1"]
[WhiteElo "1971"]
[BlackElo "2249"]
[PlyCount "64"]

1. d4 d5 2. Nf3 Nf6 3. c4 c6 4. Nbd2 g6 5. g3 Bg7 6. Bg2 O-O 7. O-O Bf5 8. Qb3
Qb6 9. Qxb6 axb6 10. cxd5 cxd5 11. Ne5 Nbd7 12. Ndf3 Rfc8 13. Ng5 Nxe5 14. dxe5
Ne4 15. Nxe4 Bxe4 16. Bxe4 dxe4 17. Bf4 Rc5 18. Rfd1 Bxe5 19. Bxe5 Rxe5 20. Rd7
b5 21. Rxb7 f5 22. a3 Kf7 23. Rd1 Rc8 24. Rd4 Rc2 25. Rb4 e3 26. f4 Rd5 27.
R4xb5 Rd1+ 28. Kg2 Rxe2+ 29. Kf3 Rde1 30. g4 Rf2+ 31. Kg3 Rg1+ 32. Kh4 Rxh2+
0-1

[Event "Superettan(Upsala-SodraSASS)"]
[Site "?"]
[Date "2012.01.14"]
[Round "4"]
[White "Marttala, Thomas"]
[Black "Broden, Per"]
[Result "0-1"]
[WhiteElo "2238"]
[BlackElo "1958"]
[PlyCount "72"]

1. Nf3 d5 2. c4 dxc4 3. e3 Nf6 4. Bxc4 e6 5. O-O Bd6 6. Nc3 O-O 7. d4 Nbd7 8.
e4 e5 9. d5 h6 10. Re1 Nb6 11. Bf1 Qe7 12. a4 a5 13. h3 Nbd7 14. Nh4 Nc5 15. g3
Nh7 16. Bg2 Qf6 17. Qc2 Bd7 18. Be3 Na6 19. Nf5 Nb4 20. Qb1 Rfc8 21. Nxd6 cxd6
22. Qd1 Qd8 23. Rf1 Na6 24. f4 f6 25. Qe2 Nc5 26. Nb5 Qe7 27. fxe5 fxe5 28. Kh2
b6 29. Rfc1 Rf8 30. Rf1 Rfc8 31. Rfc1 Rf8 32. Rc3 Rf7 33. b3 Nf6 34. Bxc5 bxc5
35. Na3 Bc8 36. Rf3 Ba6 0-1

[Event "Superettan(Orebro-Schack 08)"]
[Site "?"]
[Date "2012.01.14"]
[Round "4"]
[White "Ingbrant, Johan"]
[Black "Lundin, Jan"]
[Result "1/2-1/2"]
[WhiteElo "2464"]
[BlackElo "2323"]
[PlyCount "49"]
[EventDate "2012.??.??"]

1. d4 Nf6 2. c4 e6 3. Nc3 Bb4 4. Nf3 c5 5. g3 Ne4 6. Qc2 Qa5 7. Qxe4 Bxc3+ 8.
Bd2 Bxd2+ 9. Nxd2 Nc6 10. dxc5 b6 11. Bg2 Bb7 12. Qh4 O-O 13. cxb6 d5 14. cxd5
exd5 15. Rd1 Qxa2 16. O-O axb6 17. b3 Rad8 18. Qf4 Rd7 19. Nc4 Qxb3 20. Nd6 Qb4
21. Nxb7 Qxf4 22. gxf4 Ne7 23. Rd4 Rxb7 24. Rb1 g6 25. Rb5 1/2-1/2

[Event "Superettan(Orebro-Schack 08)"]
[Site "?"]
[Date "2012.01.14"]
[Round "4"]
[White "Alm, Hakan"]
[Black "Renman, Nils-Gustaf"]
[Result "1/2-1/2"]
[WhiteElo "2319"]
[BlackElo "2417"]
[PlyCount "112"]

1. Nf3 d5 2. d4 c6 3. g3 Nf6 4. Bg2 Bf5 5. c4 Bxb1 6. Rxb1 Qa5+ 7. Bd2 Qxa2 8.
cxd5 Qxd5 9. O-O e6 10. Qa4 Qd8 11. Rfe1 Nbd7 12. e4 Be7 13. Ba5 Nb6 14. Qc2
O-O 15. Rbd1 Re8 16. Ne5 Qc8 17. Bh3 Nbd7 18. Nxf7 Kxf7 19. Bxe6+ Kxe6 20. Qc4+
Nd5 21. exd5+ Kf5 22. Qd3+ Kf6 23. Qxh7 Nf8 24. Qg8 Bd6 25. dxc6 bxc6 26. d5
Ng6 27. Rxe8 Qxe8 28. Qxe8 Rxe8 29. dxc6 Ke6 30. Re1+ Kf7 31. Rd1 Ke6 32. Re1+
Kf7 33. Rd1 Re6 34. b4 a6 35. c7 Ne7 36. Rc1 Nc8 37. h4 Ke7 38. Rc4 Kd7 39. h5
Be5 40. f4 Bf6 41. Kf2 Rc6 42. Re4 Nd6 43. Re2 Nc4 44. g4 Nxa5 45. bxa5 Bc3 46.
Ra2 Rxc7 47. Kf3 Kc6 48. g5 Kb5 49. f5 Rc4 50. f6 gxf6 51. g6 f5 52. h6 Be5 53.
Rg2 Rc3+ 54. Ke2 Rc2+ 55. Kf3 Rc3+ 56. Ke2 Rc2+ 1/2-1/2

[Event "Superettan(Orebro-Schack 08)"]
[Site "?"]
[Date "2012.01.14"]
[Round "4"]
[White "Ottenklev, Niclas"]
[Black "Gruvaeus, Curt"]
[Result "1-0"]
[WhiteElo "2220"]
[BlackElo "2329"]
[PlyCount "67"]

1. e4 g6 2. d4 Bg7 3. Nc3 d6 4. Be3 a6 5. Qd2 b5 6. f3 Nd7 7. Nge2 Bb7 8. g4 h5
9. g5 e6 10. Bg2 Ne7 11. O-O Rc8 12. f4 d5 13. f5 exf5 14. exf5 Nxf5 15. Rxf5
gxf5 16. Ng3 Nf8 17. Nxf5 Ne6 18. Rf1 Qd7 19. Bh3 Bf8 20. Ne2 Kd8 21. Kh1 c5
22. c3 Rc6 23. Nh6 Bxh6 24. gxh6 Qe7 25. Ng3 cxd4 26. cxd4 Qc7 27. Bg5+ Kc8 28.
Bf6 Rc2 29. Qe3 Re8 30. h7 Rxb2 31. Bxe6+ fxe6 32. h8=Q Rxh8 33. Qxe6+ Qd7 34.
Rc1+ 1-0

[Event "Superettan(Orebro-Schack 08)"]
[Site "?"]
[Date "2012.01.14"]
[Round "4"]
[White "Lind, Jan-Olov"]
[Black "Schutz, Ingemar"]
[Result "1-0"]
[WhiteElo "2251"]
[BlackElo "2233"]
[PlyCount "111"]

1. e4 c5 2. Nf3 d6 3. d4 cxd4 4. Nxd4 Nf6 5. Nc3 Nc6 6. Bc4 e6 7. Be3 Be7 8.
Qe2 a6 9. O-O-O Qc7 10. Bb3 O-O 11. Rhg1 Nd7 12. g4 Nc5 13. Nf5 Nxb3+ 14. axb3
b5 15. Nxe7+ Nxe7 16. Qd3 b4 17. Na4 Bb7 18. Qxd6 Qxd6 19. Rxd6 Bxe4 20. Rd4
Bd5 21. Rxb4 Nc6 22. Rb6 Ne5 23. Nc3 Bf3 24. Rg3 Rfd8 25. Bf4 Nd7 26. Rd6 Bh1
27. Rgd3 Ra7 28. Bg5 f6 29. Be3 Rb7 30. Rxe6 Ra8 31. Re7 Bc6 32. Re6 Ne5 33.
Rdd6 Bd7 34. Rxa6 Rxa6 35. Rxa6 Nxg4 36. h4 Nxe3 37. fxe3 Rb4 38. Rd6 Be8 39.
Rd4 Rxd4 40. exd4 g5 41. Ne4 gxh4 42. c4 Kg7 43. b4 Kg6 44. b5 Kf5 45. Nf2 Kf4
46. b6 Bc6 47. d5 Bb7 48. d6 Bc6 49. d7 Bxd7 50. b7 Kf3 51. b8=Q Kxf2 52. Qh2+
Kf3 53. Qxh4 Bf5 54. Qxf6 Kg4 55. Qh6 Kf3 56. b4 1-0

[Event "Superettan(Orebro-Schack 08)"]
[Site "?"]
[Date "2012.01.14"]
[Round "4"]
[White "Faldt, Magnus"]
[Black "Zetterberg, Staffan"]
[Result "0-1"]
[WhiteElo "2216"]
[BlackElo "2309"]
[PlyCount "62"]

1. d4 Nf6 2. c4 c5 3. d5 b5 4. cxb5 a6 5. bxa6 g6 6. Nc3 Bxa6 7. Nf3 Bg7 8. e4
Bxf1 9. Kxf1 d6 10. g3 Nbd7 11. h3 O-O 12. Kg2 Ra6 13. Re1 Qa8 14. Re2 Nb6 15.
Bg5 h6 16. Bf4 Na4 17. Qc2 Rb8 18. Nxa4 Rxa4 19. a3 Nxd5 20. exd5 Rxb2 21. Qxb2
Bxb2 22. Rxb2 g5 23. Bc1 Qxd5 24. Rb8+ Kh7 25. Bb2 f5 26. Rh8+ Kg6 27. Rh1 h5
28. Re1 Ra7 29. Kg1 Qxf3 30. Re6+ Kf7 31. Reh6 Rb7 0-1

[Event "Superettan(Orebro-Schack 08)"]
[Site "?"]
[Date "2012.01.14"]
[Round "4"]
[White "Drugge, Patrick"]
[Black "Fredriksson, Leif"]
[Result "1-0"]
[WhiteElo "2259"]
[BlackElo "2122"]
[PlyCount "42"]

1. e4 c5 2. Nc3 Nc6 3. g3 g6 4. Bg2 Bg7 5. d3 d6 6. f4 e6 7. Nf3 Nge7 8. O-O
O-O 9. Be3 Nd4 10. e5 dxe5 11. fxe5 Nec6 12. Ne4 Nxe5 13. Nxe5 Bxe5 14. c3 Nf5
15. Bxc5 Re8 16. Qf3 Qc7 17. d4 Bg7 18. Qf2 h5 19. Rad1 Bd7 20. Nd6 Reb8 21.
Nxf5 gxf5 1-0

[Event "Superettan(Orebro-Schack 08)"]
[Site "?"]
[Date "2012.01.14"]
[Round "4"]
[White "Dahlqvist, Ulf"]
[Black "Blomstrom, Lars"]
[Result "0-1"]
[WhiteElo "2018"]
[BlackElo "2142"]
[PlyCount "100"]

1. d4 Nf6 2. Nf3 g6 3. c4 Bg7 4. Nc3 O-O 5. e4 d6 6. Be2 e5 7. O-O Nbd7 8. Re1
c6 9. Bf1 Re8 10. d5 cxd5 11. cxd5 h6 12. h3 Rf8 13. Be3 a6 14. a4 Ne8 15. Nd2
f5 16. f3 f4 17. Bf2 Bf6 18. Nc4 b6 19. a5 b5 20. Nb6 Nxb6 21. Bxb6 Qd7 22. Qb3
Qg7 23. Rac1 h5 24. Nd1 Bd7 25. Rc2 Bh4 26. Bf2 Bd8 27. Qa3 g5 28. Bb6 g4 29.
Bxd8 Rxd8 30. hxg4 hxg4 31. fxg4 Bxg4 32. Nf2 Bd7 33. Be2 Rf6 34. Bh5 Qg3 35.
Qf3 Kf8 36. Bg4 Rg6 37. Bh5 Rh6 38. Bg4 Nf6 39. Bxd7 Nxd7 40. Qg4 Qxg4 41. Nxg4
Rg6 42. Nf2 Rg3 43. Rc6 Ke7 44. Nh1 Rb3 45. Rxa6 Rxb2 46. Rc1 Nc5 47. Ra7+ Kf6
48. Nf2 Rg8 49. Rc3 Rxf2 50. Kxf2 Nxe4+ 0-1